Frontières du Burkina Faso - Statistiques

Statistiques générales
  • Ce quiz a été pris 40 fois
  • Le résultat moyen est 5 sur 6
Statistiques - réponses
Réponse % Correct
Mali
97%
Niger
97%
Côte d'Ivoire
92%
Bénin
89%
Togo
89%
Ghana
84%
Aucun quiz correspondant
Distribution des résultats
% des personnes avec chaque résultat
Percentile par nombre de réponses
Votre historique - résultats
Vous n’avez pas pris ce quiz